Responses for Show #7270 - Friday, April 1, 2016

Ten April Fools' Easter eggs edited into the show.

Contestants

[<< previous game]

Milton John, a physical therapist from Nanuet, New York

Oliver Bundy, an attorney originally from Anchorage, Alaska

Todd Giese, a hotel front desk manager from New Orleans, Louisiana (whose 3-day cash winnings total $74,402)

[next game >>]

Jeopardy! Round responses

DAVID MUIR COVERS POLITICS
THE "-PHILE" FILE
CAST OF THE TV SHOW
(Alex: You identify the show for us.)
TRAVEL USA
TUBA
TOOTHPASTE
    $200 19
Syria

Todd
    $200 13
an Anglophile

Oliver
    $200 3
The Mary Tyler Moore Show

Oliver
    $200 8
the Amish

Oliver
    $200 18
Ring

Milton?
    $200 1
(Oliver: What is Colgate?)

Crest

ToddOliver
    $400 20
a private server

Oliver
    $400 14
a bibliophile

Milton?
    $400 4
Madam Secretary

Oliver
    $400 9
Helen Keller

Oliver
    $400 24
(Alex: That's [*]. How quickly you've forgotten.)

Tubby the Tuba

Triple Stumper
    $400 2
(Milton?: What is play--uh, what is mortar?)

tartar

OliverMilton?
    $600 21
(Todd: What is Iran?)

Cuba

ToddOliver
    $600 16
a cinephile

Todd
    $600 5
Broad City

Oliver
    $2,000 10
[All three contestant's scores appeared mirrored on their lecterns display when Oliver uncovered the Daily Double.]
(Oliver: What are the Boston Commons?)

Beacon Hill

Oliver
    $600 25
(Alex: Yes, it was the [*]phone.)

Sousa

Todd
    $800 22
(Alex: We have less than a minute now.)

Jeb Bush

Todd
    $800 17
an oenophile (a vinophile accepted)

Todd
    $800 6
(Alex: Oh, Oliver, you knew that. You couldn't recall it. Pick again, though.)

Person of Interest

Triple Stumper
    $800 11
Mt. Washington

Todd
    $800 26
(Alex: You know it as [*]. Back to you, Todd.)
[Improbably, IBM's Watson selects the next clue.]
(Watson: $1000, same category.)

the euphonium

Triple Stumper
    $1000 23
(Alex: You are right again, and our thanks to David Muir for doing those clues for us.)

Elizabeth Warren

Todd
    $1000 15
a logophile

Todd
    $1000 7
Falling Skies

Oliver
    $1000 12
(Alex: Good, you're on the plus side again.)

Iowa

Milton?
    $1000 27
[The end-of-round signal sounds.]

Miles Davis

Oliver

Scores at the first commercial break (after clue 15):

Todd Oliver Milton?
$2,000 $1,200 $1,000

Scores at the end of the Jeopardy! Round:

Todd Oliver Milton?
$5,400 $3,200 $1,200

Double Jeopardy! Round responses

LITERARY LATIN AMERICA
ROCKS & MINERALS
OSCARS
BACKSTAGE AT THE THEATRE
ON THE OLD MAP OF EUROPE
WORDS OF SUBSTANCE
(Alex: The word "substance" has nine letters. Each correct response will be made up of some of the letters in the word "substance".)
    $400 1
the Amazon

Todd
    $400 21
marble

Todd
    $400 3
fashion

Todd
    $400 7
a light (a spotlight)

Oliver
    $400 6
Austria-Hungary

Oliver
    $400 25
(Milton?: What is rappel?)

ascent

Milton?
Triple Stumper
    $800 2
the Olympic games in Mexico

Triple Stumper
    $800 22
silicon & aluminum

Milton?
    $800 4
(Oliver: Who is Oscar Malone?)

Oscar Robertson

Oliver
Triple Stumper
    $800 8
standing room only

Milton?
    $800 17
East Germany

Todd
    $800 26
stance

Oliver
    $1200 9
cowboy

Todd
    $3,000 23
[The Wheel of Fortune puzzle-reveal chime announces the Daily Double instead of the usual sound effect.]
(Alex: Milton?)
(Milton?: What are diodes?)
(Alex: No, what are [*]? [*]. Darn. Less than a minute to go now, Milton?)

geodes

Milton?
    $1200 5
[Oddly, a late-1990s mustache-wearing Alex Trebek from show #3082 (clue 28 of the Jeopardy! Round) delivers the correct response.]

the Mambo Kings

Triple Stumper
    $1200 14
dress

Todd
    $1200 18
Gaul

Todd
    $1200 27
[The end-of-round signal sounds.]

caste

Todd
    $1600 10
(Gabriel García) Márquez

Milton?
    $1600 12
(Oliver: Who is Oscar Isaacs?)

Oscar Isaac

ToddOliver
    $1600 15
(Oliver: What is dried ice?)
[Alex exhales in deliberation and apparently looks to the judges before ruling Oliver incorrect.]

dry ice

ToddOliver
    $1600 19
Yugoslavia

Todd
    $3,000 11
[The Daily Double logo screen appears upside-down.]

José Martí

Milton?
    $2000 24
[After Alex calls on Todd, Ken Jennings delivers the correct response, in a clip from show #4582 (clue 22 of the Double Jeopardy! Round).]

turquoise

Todd
    $2000 13
(Alex: The correct response--"Who is my fellow Canadian, [*]?" A very talented pianist.)

Oscar Peterson

Triple Stumper
    $2000 16
noises off

Todd
    $2000 20
(Todd: What is the Vatican?)

the Papal States

Todd
Triple Stumper

Scores at the end of the Double Jeopardy! Round:

Todd Oliver Milton?
$19,000 $800 $4,000
(lock game)

[wagering suggestions for these scores]

Final Jeopardy! Round responses

ASIAN CITIES
[Initially, when the "Think!" music begins, the set of the Estonian version of Jeopardy! is shown.]
[When Milton's wager is revealed, the Wheel of Fortune "bankrupt" sound effect plays.]
OliverWhat is Jakarta?
$799
Milton?What is Mumbai?
$2,000
ToddWhat is Sydney?
$10,999
Jakarta (in Indonesia)

Final scores:

Todd Oliver Milton?
$8,001 $1,599 $2,000
4-day champion: $82,403 3rd place: $1,000 2nd place: $2,000

Game dynamics:

Coryat scores:

Todd Oliver Milton?
$19,000 $2,800 $6,000
22 R,
2 W
14 R,
5 W
(including 1 DD)
7 R
(including 1 DD),
3 W
(including 1 DD)

Combined Coryat: $27,800

[game clues] [game scores] [suggest correction]

Game tape date: 2016-02-03
The J! Archive is created by fans, for fans. Scraping, republication, monetization, and malicious use prohibited; this site may use cookies and collect identifying information. See terms. The Jeopardy! game show and all elements thereof, including but not limited to copyright and trademark thereto, are the property of Jeopardy Productions, Inc. and are protected under law. This website is not affiliated with, sponsored by, or operated by Jeopardy Productions, Inc. Join the discussion at JBoard.tv.